Multiple choice [Food and drinks edition] - Statistics

General Stats
  • This quiz has been taken 53 times
  • The average score is 14 of 15
Answer Stats
Question Answer % Correct
Goldfish
100%
S'mores
93%
Cotton candy
93%
Oreos
93%
Cake
93%
Hotdog
93%
Taco
93%
Macarons
93%
Burger
93%
Popcorn
93%
Drinks
93%
Pie
86%
Cracker
86%
Strawberry
86%
Chocolate
86%
No matching quizzes found
Score Distribution
Percent of People with Each Score
Percentile by Number Answered
Your Score History
You have not taken this quiz